000 00436nam a22001817a 4500
005 20260121121701.0
008 260121b |||||||| |||| 00| 0 eng d
020 _a9788126917396
_c1495.00
040 _aMAIN
041 _aEnglish
082 _a519.5
_bGUP
100 _aGupta, K.R.
_93942
245 _aPractical Statistics
260 _aNew Delhi
_bAtlantic
_c2012
300 _a514
_bVol.1st
650 _aCommerce
942 _cBK
999 _c60023
_d60023